Największe miasta w województwie śląskim - Statystyki

Ogólne statystyki
  • Ten quiz został rozwiązany 2 281 razy
  • Średni wynik to 15 z 20
Statystyki odpowiedzi
Lp Populacja Odpowiedź % Poprawnych
1 303,314 Katowice
100%
4 184,993 Gliwice
93%
2 231,527 Częstochowa
92%
5 177,815 Zabrze
91%
3 210,249 Sosnowiec
90%
7 172,762 Bytom
84%
6 173,462 Bielsko-Biała
82%
12 110,538 Chorzów
82%
10 128,698 Tychy
79%
9 140,094 Rybnik
78%
11 123,774 Dąbrowa Górnicza
76%
8 141,090 Ruda Śląska
76%
15 75,028 Mysłowice
60%
13 93,556 Jaworzno
59%
16 68,658 Siemianowice Śląskie
56%
18 60 984 Tarnowskie Góry
56%
17 62,015 Żory
56%
14 91,073 Jastrzębie-Zdrój
55%
20 56 978 Piekary Śląskie
54%
19 58 297 Będzin
53%
Nie znaleziono quizów pasujących do podanych kryteriów
Rozkład punktacji
Procent ludzi z każdym wynikiem
Percentyl według liczby udzielonych odpowiedzi
Twoja historia wyników
Nie rozwiązałeś tego quizu